Atlas del potencial argentino (Registro nro. 6380)
[ vista simple ]
| 000 -LEADER | |
|---|---|
| fixed length control field | 01917 a2200205 4500 |
| 001 - CONTROL NUMBER | |
| control field | 58002 |
| 005 - DATE AND TIME OF LATEST TRANSACTION | |
| control field | 20260407155840.0 |
| 008 - FIXED-LENGTH DATA ELEMENTS--GENERAL INFORMATION | |
| fixed length control field | 260407a1972 arg spa d |
| 003 - CONTROL NUMBER IDENTIFIER | |
| control field | AR-UNSa-BCEJYS |
| 040 ## - CATALOGING SOURCE | |
| Original cataloging agency | AR-UNSa-BCEJYS |
| Language of cataloging | spa |
| Transcribing agency | AR-UNSa-BCEJYS |
| 080 ## - UNIVERSAL DECIMAL CLASSIFICATION NUMBER | |
| Universal Decimal Classification number | 912(084.4) |
| Common auxiliary subdivision | Atlas geográfico |
| 041 ## - LANGUAGE CODE | |
| Language code of text/sound track or separate title | spa |
| 100 1# - MAIN ENTRY--PERSONAL NAME | |
| Personal name | Quargnolo, Jorge |
| 245 10 - TITLE STATEMENT | |
| Title | Atlas del potencial argentino |
| 264 #1 - PRODUCTION, PUBLICATION, DISTRIBUTION, MANUFACTURE, AND COPYRIGHT NOTICE | |
| Place of production, publication, distribution, manufacture | Buenos Aires : |
| Name of producer, publisher, distributor, manufacturer | Angel Estrada |
| Date of production, publication, distribution, manufacture, or copyright notice | 1972 |
| 300 ## - PHYSICAL DESCRIPTION | |
| Extent | 159 p. |
| Dimensions | 33 cm. |
| 505 ## - FORMATTED CONTENTS NOTE | |
| Formatted contents note | 1. Argentina en el mundo – 2. Espacio argentino – 3. Centros de población – 4. Distribución de la población – 5. División política – 6. Alturas y profundidades – 7. Vientos y corrientes marinas que influyen en el clima – 8. Paisajes característicos – 9. Distribución anual de lluvias – 10. Cuencas hidrográficas y presas de ensamble – 11. Vegetación natural – 12. Regiones de desarrollo CONADE – 13. Minerales energéticos – 14. Transporte de combustibles e industrias derivadas – 15. Sistemas eléctricos – 16. Ferrocarriles – 17. Caminos – 18. Vías navegables y puertos – 19. Transporte aéreo. Aeropuertos – 20. Red interurbana de comunicaciones. Sistemas de microondas – 21. Servicios de INTA – 22. Cultivos de cereales – 23. Cultivos industriales – 24. Fruticultura, horticultura y floricultura – 25. Cultivo de forrajeras. Zonas de cría y engorde bovino – 26. Ganado bovino. Principales razas – 27. Ganado bovino lechero e industria latea. Ganado porcino – 28. Ganado ovino, caprino y equino – 29. Explotación pesquera y zonas de granjas – 30. Explotación forestal y reforestación – 31. Minerales metalíferos e industrias derivadas – 32. Minerales no metalíferos y rocas de aplicación – 33. Los grandes valles patagónicos – 34. El litoral rioplatense – 35. Conglomerado bonaerense |
| 590 ## - LOCAL NOTE (RLIN) | |
| Local note | niveau_biblio:m niveau_hierar:0 |
| 942 ## - ADDED ENTRY ELEMENTS (KOHA) | |
| Koha item type | |
| Withdrawn status | Lost status | Damaged status | Not for loan | Home library | Current library | Shelving location | Date acquired | Total checkouts | Full call number | Barcode | Date last seen | Price effective from | Koha item type |
|---|---|---|---|---|---|---|---|---|---|---|---|---|---|
| Biblioteca Prof. Eusebio Cleto del Rey | Biblioteca Prof. Eusebio Cleto del Rey | 07/04/2026 | R912(084.4) Q1 | L23825 | 07/04/2026 | 07/04/2026 | Libro |